[Event "OP-2011-0-01594"]
[Site "LSS email"]
[Date "2011.06.16"]
[Round "?"]
[White "Basson, Heinrich"]
[Black "Signes Almodovar, Salvador"]
[Result "0-1"]
[WhiteElo "1390"]
[BlackElo "2155"]
[PlyCount "62"]
[EventDate "2011.06.13"]
[EventType "tourn (corr)"]
[EventRounds "4"]
[EventCountry "GER"]
[SourceTitle "Telechess CBM 151"]
[Source "ChessBase"]
[SourceDate "2012.11.13"]
[SourceVersion "1"]
[SourceVersionDate "2012.11.13"]
[SourceQuality "1"]

1. d4 Nf6 2. c4 e6 3. Nc3 Bb4 4. a3 Bxc3+ 5. bxc3 c5 6. Nf3 0-0 7. e3 b6 8. Be2 Bb7 9. 0-0 Nc6 10. Bd3 Na5 11. Nd2 Rc8 12. e4 d5 13. cxd5 exd5 14. e5 Ne4 15. Qg4 Nxc3 16. Nb1 Ne4 17. Bh6 g6 18. Bxf8 Kxf8 19. Qh3 Kg7 20. dxc5 Nb3 21. c6 Rxc6 22. Ra2 Nc1 23. Rb2 Qc7 24. f4 Nxd3 25. Qxd3 Rc1 26. h4 Ng3 27. Rd1 Ba6 28. Qxd5 Qc5+ 29. Kh2 Qxd5 30. Rxd5 Nf1+ 31. Kh3 Bc8+ 0-1